000 01107nam a22003377a 4500
003 CHAP
005 20220817044520.0
008 120310s2010 it rn 00010 eng d
010 _a103036
011 _a104008
020 _a9789251065846
035 _a114697
040 _cCHAP
082 0 4 _a639.2
_bF46y v.942
110 2 _aFAO
245 1 0 _aReport of the session of the coordinating working party on fishery statistics (23o)
_c/por FAO
260 _aRoma :
_bFAO,
_c2010
300 _av, 87 p.
490 0 _aFAO. Informe de pesca y acuicultura
_v; 942
500 _aHobart, Australia, 22-26 february 2010
590 _aBATCH-UPD
_b10
_c20130110
_lUCH01
_h1714
590 _aBATCH-UPD
_b10
_c20130410
_lUCH01
_h0654
590 _aBATCH-UPD
_b10
_c20130914
_lUCH01
_h1350
590 _aCONVERSION
_b10
_c20130109
_lUCH01
_h1357
650 1 4 _aAcuicultura.
_9758
650 1 4 _aPesca
_xEstadísticas.
_987379
830 1 0 _aFAO. Informe de pesca y acuicultura
_v; 942
_939588
901 _aBK
942 _cLIBRO
949 _a639.2 F46y v.942
_bBC
_cFAO
_d33724002213553
_eFAO1
_gDonaciØn
_h116419
_i114697
_sb
999 _c103036
_d103036